000 01925cam a2200445 a 4500
001 51968
005 20230410120716.0
008 070619s2007 nyua b i100 0 eng d
010 _a 2007369122
035 _a(OCoLC)ocn135194617
040 _aOSU
_cOSU
_dDLC
_dYDXCP
_dBTCTA
_dBAKER
_dILI
_dGZM
_dIXA
020 _a9789211302547
020 _a9211302544
029 1 _aYDXCP
_b2552104
029 1 _aNLGGC
_b302329099
035 _a(OCoLC)135194617
042 _alccopycat
050 1 4 _aHQ1161
_b.I39 2007
245 0 0 _aIndigenous women and the United Nations system :
_bgood practices and lessons learned /
_cDepartment of Economic and Social Affairs ; compiled by the Secretariat of the Permanent Forum on Indigenous Issues for the Task Force on Indigenous Women/ Inter-Agency Network on Women and Gender Equality.
246 3 _aIndigenous women & the United Nations system
260 _aNew York :
_bUnited Nations,
_c2007.
300 _aviii, 116 p. :
_bcol. ill. ;
_c23 cm.
500 _aST/ESA/307.
504 _aIncludes bibliographical references.
610 2 0 _aUnited Nations
_vCongresses.
650 0 _aIndigenous women
_xGovernment policy
_vCongresses.
650 0 _aIndigenous women
_xSocial conditions
_vCongresses.
710 2 _aUnited Nations.
_bDept. of Economic and Social Affairs.
710 2 _aUnited Nations.
_bSecretariat.
710 2 _aPermanent Forum on Indigenous Issues (United Nations)
710 2 _aInter-Agency Network on Women and Gender Equality.
710 2 _aPermanent Forum on Indigenous Issues (United Nations)
_n(3rd session :
_d2004 :
_cNew York.
710 2 _aInter-Agency Network on Women and Gender Equality
_d(2004)
938 _aYBP Library Services
_bYANK
_n2552104
938 _aBaker & Taylor
_bBKTY
_c23.00
_d23.00
_i9211302544
_n0007260173
_sactive
938 _aBaker and Taylor
_bBTCP
_nBK0007515756
942 _2lcc
_cbk
946 _aclperez
994 _aC0
_bDRFGD
999 _c50318
_d50318